齋藤飛鳥が各メンバーを表現した一言 - Statistics

General Stats
  • This quiz has been taken 10 times
  • The average score is 11 of 40
Answer Stats
Hint Answer % Correct
沖縄の暴れ馬 伊藤理々杏
100%
北の最終兵器~キツネの理想形~ 金川紗耶
86%
あすかの子 遠藤さくら
86%
目バキ船長 山下美月
71%
最優秀 半透明 久保史緒里
71%
革命児のウォーミングアップ 筒井あやめ
71%
先輩ヅラで白飯10杯 黒見明香
57%
ロボの目にも涙 佐藤楓
57%
新海誠さんこちらです 賀喜遥香
57%
狂気的な彼女 一ノ瀬美空
43%
孫の代まで届く あすか 小川彩
43%
アクとり大吉先生 菅原咲月
43%
反り腰マスター 川﨑桜
43%
壊れたスピーカー 弓木奈於
43%
ひな壇芸人 阪口珠美
29%
乃木坂のマネキン 田村真佑
29%
ラブリータイプのIKKOさん 梅澤美波
29%
最後の晩餐 秋元真夏
29%
センスは抜群 感度はmediocre(平凡) 中西アルノ
29%
ばくだんおにぎり 与田祐希
29%
握りたくないNO.1笑い袋 岡本姫奈
14%
本格麦焼酎 いちころ 柴田柚菜
14%
全部夢のまま ならぬ全部芦田愛菜 冨里奈央
14%
あんぱんからあんぱん女 早川聖来
0%
まろやか隠し味噌 鈴木絢音
0%
揺れない綱渡り 吉田綾乃クリスティー
0%
ウーパールーパー休憩所 掛橋沙耶香
0%
燃え上がる頭脳 矢久保美緒
0%
お戯れバンド 林瑠奈
0%
ゆるふわ裏番長 松尾美佑
0%
すぼめた口が隠しきれない 向井葉月
0%
目バキジュニア マジ卍 佐藤璃果
0%
魔法、つかえます 北川悠理
0%
性別をこえたNO.1 岩本蓮加
0%
3歩すすんだら2歩下がってみていいと思うよ 清宮レイ
0%
きらきらミュージアム 中村麗乃
0%
削ぎ落とし神 奥田いろは
0%
パサつきのはんごろし 井上和
0%
東京タワー ~おかんを見て~ 五百城茉央
0%
おつかれさマシン 池田瑛紗
0%
No matching quizzes found
Score Distribution
Percent of People with Each Score
Percentile by Number Answered
Your Score History
You have not taken this quiz